Catalog

Record Details

Catalog Search



Available copies

  • 1 of 1 copy available at LARL/NWRL Consortium.
  • 1 of 1 copy available at Lake Agassiz Regional Library. (Show preferred library)

Current holds

0 current holds with 1 total copy.

Show All Copies
Location Call Number / Copy Notes Barcode Shelving Location Status Due Date
Moorhead Public Library M SCO (Text) 33500011100054 Main Available -

Record details

  • ISBN: 9781439154939
  • ISBN: 1439154937
  • Physical Description: p. cm.
  • Edition: 1st Atria pbk. ed.
  • Publisher: New York : Atria Books, 2010.
Subject: Adult Mystery
Boys > Crimes against > Fiction.
Journalists > Scotland > Fiction.
City and town life > Scotland > Fiction.
Highlands (Scotland) > Fiction.
Genre: Mystery fiction.
LDR 01315cam a22003738a 4500
001119058
003LARL_NWRL_CONSORTIUM
00520100608111756.0
008090831s2010 nyu 000 1 eng
010 . ‡a2009034926
020 . ‡a9781439154939
020 . ‡a1439154937
035 . ‡a(OCoLC)435628827
040 . ‡aDLC ‡cDLC ‡dYDXCP
043 . ‡ae-uk-st
08200. ‡a823/.92 ‡222
1001 . ‡aScott, A. D. ‡0(LARL_NWRL_CONSORTIUM)200846
24512. ‡aA Small Death in the Great Glen ‡n#1/ ‡cA.D. Scott.
250 . ‡a1st Atria pbk. ed.
260 . ‡aNew York : ‡bAtria Books, ‡c2010.
300 . ‡ap. cm.
4900 . ‡aJoanne Ross; ‡v1
650 . ‡aAdult Mystery
650 0. ‡aBoys ‡xCrimes against ‡vFiction.
650 0. ‡aJournalists ‡zScotland ‡vFiction.
650 0. ‡aCity and town life ‡zScotland ‡vFiction.
651 0. ‡aHighlands (Scotland) ‡vFiction. ‡0(LARL_NWRL_CONSORTIUM)165560
655 7. ‡aMystery fiction. ‡2gsafd
901 . ‡a119058 ‡bOCLC ‡c119058 ‡tbiblio

Additional Resources